Problemas y perspectivas del sindicalismo agrario".

Detalles Bibliográficos
Autor principal: Acuña, Miguel
Otros Autores: Torres, Oscar
Formato: Libro
Lenguaje:inglés
Publicado: Santiago, Chile Academia de Humanismo Cristiano 1982
Materias:

MARC

LEADER 00000cam a2200000 a 4500
001 024396
003 UAHC_CL
005 20170803122351.0
008 010822b xx j 000 1 eng
040 |a UAHC_CL  |c UAHC_CL  |d UAHC_CL 
082 0 4 |a AHC 021-1096 
100 1 |a Acuña, Miguel 
245 1 0 |a Problemas y perspectivas del sindicalismo agrario". 
260 |b Academia de Humanismo Cristiano  |c 1982  |a Santiago, Chile 
300 |a 73 p. 
650 4 |a SINDICATOS AGRICOLAS 
700 1 |a Torres, Oscar 
900 |a AHC 021-1096 
942 |c BK 
952 |0 0  |1 0  |4 0  |6 AHC_0211096  |7 0  |8 General  |9 48838  |a BC  |b BC  |c General  |d 2017-08-03  |l 0  |o AHC 021-1096  |p 1313439  |r 2019-12-02 00:00:00  |t 1  |w 2017-08-03  |y BK 
999 |c 24396  |d 24396